Music Quiz

Random Music or Album Quiz

2Pac Discography Quiz Stats

 Plays Quiz not verified by Sporcle

Challenge
Share
Tweet
Embed
Score 0/84 Timer 20:00
0 Plays Today
Album Song % Correct
Me Against The World (1995) Me Against the World
100%
All Eyez On Me (1996)All Eyez on Me
100%
The Don Killuminati: The 7 Day Theory (1996)Hail Mary
100%
2Pacalypse Now (1991) Brenda's Got a Baby
88.9%
Strictly 4 My N.I.G.G.A.Z. (1993) Strictly 4 My N.I.G.G.A.Z...
88.9%
Strictly 4 My N.I.G.G.A.Z. (1993) I Get Around
88.9%
Me Against The World (1995) Dear Mama
88.9%
All Eyez On Me (1996)California Love
88.9%
Strictly 4 My N.I.G.G.A.Z. (1993) Keep Ya Head Up
77.8%
Me Against The World (1995) Intro
77.8%
Me Against The World (1995) So Many Tears
77.8%
All Eyez On Me (1996)2 of Amerikaz Most Wanted
77.8%
All Eyez On Me (1996)Life Goes On
77.8%
All Eyez On Me (1996)Can't C Me
77.8%
The Don Killuminati: The 7 Day Theory (1996)Me and My Girlfriend
77.8%
2Pacalypse Now (1991) Trapped
66.7%
Me Against The World (1995) Temptations
66.7%
Me Against The World (1995) Outlaw
66.7%
All Eyez On Me (1996) Ambitionz Az a Ridah
66.7%
All Eyez On Me (1996)Skandalouz
66.7%
All Eyez On Me (1996)How Do U Want It
66.7%
All Eyez On Me (1996)Only God Can Judge Me
66.7%
The Don Killuminati: The 7 Day Theory (1996)Bomb First
66.7%
The Don Killuminati: The 7 Day Theory (1996)Against All Odds
66.7%
2Pacalypse Now (1991) Young Black Male
55.6%
2Pacalypse Now (1991) Soulja's Story
55.6%
2Pacalypse Now (1991) Violent
55.6%
2Pacalypse Now (1991) If My Homie Calls
55.6%
Album Song % Correct
2Pacalypse Now (1991) Rebel of the Underground
55.6%
2Pacalypse Now (1991) Part Time Mutha
55.6%
Strictly 4 My N.I.G.G.A.Z. (1993) Holler If Ya Hear Me
55.6%
Strictly 4 My N.I.G.G.A.Z. (1993) Point the Finga
55.6%
Strictly 4 My N.I.G.G.A.Z. (1993) Something 2 Die 4
55.6%
Strictly 4 My N.I.G.G.A.Z. (1993) Last Wordz
55.6%
Strictly 4 My N.I.G.G.A.Z. (1993) Souljah's Revenge
55.6%
Strictly 4 My N.I.G.G.A.Z. (1993) Papa'z Song
55.6%
Me Against The World (1995) If I Die 2Nite
55.6%
Me Against The World (1995) Old School
55.6%
Me Against The World (1995) **** the World
55.6%
Me Against The World (1995) Death Around the Corner
55.6%
All Eyez On Me (1996)No More Pain
55.6%
All Eyez On Me (1996)Heartz of Men
55.6%
All Eyez On Me (1996)Shorty Wanna Be a Thug
55.6%
All Eyez On Me (1996)Holla at Me
55.6%
All Eyez On Me (1996)Picture Me Rollin'
55.6%
All Eyez On Me (1996)Check Out Time
55.6%
All Eyez On Me (1996)Run tha Streetz
55.6%
All Eyez On Me (1996)Ain't Hard 2 Find
55.6%
All Eyez On Me (1996)Heaven Ain't Hard 2 Find
55.6%
The Don Killuminati: The 7 Day Theory (1996)Toss It Up
55.6%
The Don Killuminati: The 7 Day Theory (1996)To Live & Die In L.A.
55.6%
The Don Killuminati: The 7 Day Theory (1996)Life of an Outlaw
55.6%
The Don Killuminati: The 7 Day Theory (1996)White Man'z World
55.6%
The Don Killuminati: The 7 Day Theory (1996)Hold Ya Head
55.6%
2Pacalypse Now (1991) I Don't Give a ****
44.4%
Strictly 4 My N.I.G.G.A.Z. (1993) Pac's Theme
44.4%
Album Song % Correct
Strictly 4 My N.I.G.G.A.Z. (1993) Peep Game
44.4%
Strictly 4 My N.I.G.G.A.Z. (1993) Strugglin'
44.4%
Strictly 4 My N.I.G.G.A.Z. (1993) Guess Who's Back
44.4%
Strictly 4 My N.I.G.G.A.Z. (1993) The Streetz R Deathrow
44.4%
Strictly 4 My N.I.G.G.A.Z. (1993) 5 Deadly Venomz
44.4%
Me Against The World (1995) Young Niggaz
44.4%
Me Against The World (1995) Heavy in the Game
44.4%
Me Against The World (1995) Lord Knows
44.4%
Me Against The World (1995) It Ain't Easy
44.4%
Me Against The World (1995) Can U Get Away
44.4%
All Eyez On Me (1996)All Bout U
44.4%
All Eyez On Me (1996)Got My Mind Made Up
44.4%
All Eyez On Me (1996)Tradin' War Stories
44.4%
All Eyez On Me (1996)I Ain't Mad at Cha
44.4%
All Eyez On Me (1996)What'z Ya Phone #
44.4%
All Eyez On Me (1996)When We Ride
44.4%
All Eyez On Me (1996)Thug Passion
44.4%
All Eyez On Me (1996)Ratha Be Ya ****
44.4%
The Don Killuminati: The 7 Day Theory (1996)Blasphemy
44.4%
The Don Killuminati: The 7 Day Theory (1996)Just Like Daddy
44.4%
The Don Killuminati: The 7 Day Theory (1996)Krazy
44.4%
2Pacalypse Now (1991) Words of Wisdom
33.3%
2Pacalypse Now (1991) Something Wicked
33.3%
2Pacalypse Now (1991) Crooked Ass ****
33.3%
2Pacalypse Now (1991) Tha' Lunatic
33.3%
Strictly 4 My N.I.G.G.A.Z. (1993) Representin' 93
33.3%
All Eyez On Me (1996)Untitled
33.3%
All Eyez On Me (1996)Wonda Why They Call U Bytch
22.2%

You're not logged in!

Compare scores with friends on all Sporcle quizzes.
OR
Log In

You Might Also Like...

Show Comments

Extras

Top Quizzes Today


Score Distribution

Your Account Isn't Verified!

In order to create a playlist on Sporcle, you need to verify the email address you used during registration. Go to your Sporcle Settings to finish the process.

Report this User

Report this user for behavior that violates our Community Guidelines.

Details: